[Event "As Autumn"]
[Site "As"]
[Date "2019.10.10"]
[Round "5"]
[White "Brenden, Torbjorn"]
[Black "Furnes, Torstein"]
[Result "1/2-1/2"]
[WhiteElo "1577"]
[BlackElo "1789"]
[PlyCount "156"]
[EventDate "2019.08.29"]
[EventType "swiss"]
[EventRounds "9"]
[EventCountry "NOR"]
[SourceTitle "EXT 2024"]
[Source "ChessBase"]
[SourceDate "2023.10.10"]
[SourceVersion "1"]
[SourceVersionDate "2023.10.10"]
[SourceQuality "1"]

1. e4 c5 2. Nf3 Nc6 3. d4 cxd4 4. Nxd4 e5 5. Nb5 d6 6. N1c3 a6 7. Na3 b5 8. Nd5 Nf6 9. Bg5 Be7 10. Bxf6 Bxf6 11. c3 0-0 12. Be2 Bg5 13. 0-0 Be6 14. Nc2 g6 15. Bf3 Rc8 16. a4 Bxd5 17. Qxd5 Qc7 18. axb5 axb5 19. Ra6 Nb8 20. Ra8 Qc6 21. Nb4 Qb6 22. Rfa1 Rc5 23. Qb3 Nc6 24. R8a6 Qb7 25. Nd3 Rc4 26. g3 Rd8 27. R6a4 Rxa4 28. Rxa4 Rb8 29. Ra1 b4 30. Qd5 bxc3 31. bxc3 Qc7 32. Ra6 Ne7 33. Qxd6 Rb1+ 34. Kg2 Qxc3 35. Ra8+ Kg7 36. Qxe5+ Qxe5 37. Nxe5 Rb2 38. Ra3 Bf6 39. Nd3 Rd2 40. e5 Bg5 41. h4 Be3 42. Be4 Bd4 43. Kf1 Rd1+ 44. Ke2 Ra1 45. Rb3 Ra5 46. f4 Nd5 47. Bxd5 Rxd5 48. Rb7 Rd8 49. Ne1 Bc5 50. Nf3 h6 51. Nd2 Re8 52. Ne4 Be7 53. Kf3 h5 54. Rd7 Kf8 55. Nd6 Bxd6 56. Rxd6 Re7 57. g4 hxg4+ 58. Kxg4 Kg7 59. Kg5 Rc7 60. h5 gxh5 61. Kxh5 Rc1 62. Kg5 Rg1+ 63. Kf5 Re1 64. Rd3 Rg1 65. Rh3 Rg6 66. Re3 Re6 67. Rg3+ Kf8 68. Ke4 Ra6 69. f5 Ra4+ 70. Kd5 Ra5+ 71. Kd6 Ra6+ 72. Kc7 Ra7+ 73. Kb6 Re7 74. Re3 Ke8 75. e6 fxe6 76. fxe6 Rh7 77. Rd3 Rh1 78. Kc6 Ke7 1/2-1/2

[Event "As Autumn"]
[Site "As"]
[Date "2016.10.13"]
[Round "5"]
[White "Samset, Jon"]
[Black "Brenden, Torbjorn"]
[Result "0-1"]
[WhiteElo "1077"]
[BlackElo "1417"]
[PlyCount "100"]
[EventDate "2016.09.01"]
[EventType "swiss"]
[EventRounds "9"]
[EventCountry "NOR"]
[SourceTitle "EXT 2024"]
[Source "ChessBase"]
[SourceDate "2023.10.10"]
[SourceVersion "1"]
[SourceVersionDate "2023.10.10"]
[SourceQuality "1"]

1. Nf3 d5 2. g3 Nf6 3. Bg2 e6 4. a3 c5 5. 0-0 Be7 6. d4 cxd4 7. Nxd4 0-0 8. Bg5 Nbd7 9. Bxf6 Nxf6 10. b4 Qc7 11. Qd3 a6 12. Nd2 Bd7 13. Rac1 b5 14. e4 dxe4 15. Nxe4 Rac8 16. Nxf6+ Bxf6 17. Be4 h6 18. Rfd1 Bxd4 19. Qxd4 Bc6 20. Bxc6 Qxc6 21. Qh4 Qc3 22. Rd3 Qb2 23. Rdd1 Qxa3 24. Ra1 Qf3 25. Rd2 Qc3 26. Rad1 f6 27. Qg4 e5 28. Qe6+ Kh8 29. Qe7 Rce8 30. Qb7 Qc8 31. Qxc8 Rxc8 32. Ra1 Rc6 33. Rd7 Rfc8 34. Ra7 Rxc2 35. R7xa6 Rc1+ 36. Rxc1 Rxc1+ 37. Kg2 Rb1 38. Kf3 Rxb4 39. Ke3 Kh7 40. Kd3 Rb2 41. Ke3 Kg6 42. h4 h5 43. Rb6 Rb1 44. Ke4 b4 45. Kd3 b3 46. Kd2 b2 47. Kc2 Rf1 48. Rxb2 Rxf2+ 49. Kc1 Rxb2 50. Kxb2 Kf5 0-1

[Event "As Autumn"]
[Site "As"]
[Date "2015.09.10"]
[Round "2"]
[White "Brenden, Torbjorn"]
[Black "Kielland Lund, Jon"]
[Result "1/2-1/2"]
[WhiteElo "1414"]
[BlackElo "1551"]
[PlyCount "76"]
[EventDate "2015.09.03"]
[EventType "swiss"]
[EventRounds "9"]
[EventCountry "NOR"]
[SourceTitle "EXT 2024"]
[Source "ChessBase"]
[SourceDate "2023.10.10"]
[SourceVersion "1"]
[SourceVersionDate "2023.10.10"]
[SourceQuality "1"]

1. d4 d5 2. Nf3 Nf6 3. g3 c5 4. e3 Bg4 5. Bg2 Nc6 6. h3 Bh5 7. g4 Bg6 8. Nh4 e6 9. Nxg6 hxg6 10. b3 cxd4 11. exd4 Rc8 12. Bb2 Bb4+ 13. c3 Be7 14. Nd2 Qc7 15. Qe2 a6 16. Qe3 b5 17. f3 Qg3+ 18. Qf2 Bd6 19. Qxg3 Bxg3+ 20. Ke2 Kd7 21. b4 g5 22. a4 Ra8 23. axb5 axb5 24. Nb3 Kc7 25. Rxa8 Rxa8 26. Ra1 Rxa1 27. Nxa1 Bf4 28. Nb3 Ne8 29. Bc1 Bxc1 30. Nxc1 Nd6 31. Nd3 Nc4 32. f4 gxf4 33. Nxf4 g5 34. Nd3 Kd6 35. Nc5 Ne7 36. Nb7+ Kc7 37. Nc5 Ng6 38. Nd3 Kd6 1/2-1/2

[Event "Follo CC-ch"]
[Site "Follo"]
[Date "2015.04.13"]
[Round "9"]
[White "Brenden, Torbjorn"]
[Black "Lea, Per"]
[Result "0-1"]
[WhiteElo "1413"]
[BlackElo "1598"]
[PlyCount "67"]
[EventDate "2015.01.15"]
[EventType "swiss"]
[EventRounds "9"]
[EventCountry "NOR"]
[SourceTitle "EXT 2017"]
[Source "ChessBase"]
[SourceDate "2016.10.25"]
[SourceVersion "1"]
[SourceVersionDate "2016.10.25"]
[SourceQuality "1"]

1. d4 d5 2. Nf3 Nf6 3. g3 g6 4. Bg2 Bg7 5. 0-0 0-0 6. b3 b6 7. Bb2 Bb7 8. Nbd2 e6 9. Ne5 Nbd7 10. Ndf3 Nxe5 11. Nxe5 Nd7 12. c4 Nxe5 13. dxe5 c6 14. Qc2 Rc8 15. c5 bxc5 16. Qxc5 Qb6 17. Rac1 Rfd8 18. e3 Bf8 19. Qd4 c5 20. Qd2 Ba6 21. Rfd1 c4 22. Bd4 Bc5 23. Bc3 Rb8 24. Ba5 Bb4 25. Bxb6 Bxd2 26. Rxd2 axb6 27. bxc4 dxc4 28. Rcc2 b5 29. a3 Rxd2 30. Rxd2 c3 31. Rc2 b4 32. axb4 Rxb4 33. Bf3 Rb1+ 34. Kg2 0-1

[Event "Follo CC-ch"]
[Site "Follo"]
[Date "2015.03.19"]
[Round "7"]
[White "Stole, Andreas"]
[Black "Brenden, Torbjorn"]
[Result "1-0"]
[WhiteElo "1498"]
[BlackElo "1413"]
[PlyCount "97"]
[EventDate "2015.01.15"]
[EventType "swiss"]
[EventRounds "9"]
[EventCountry "NOR"]
[SourceTitle "EXT 2017"]
[Source "ChessBase"]
[SourceDate "2016.10.25"]
[SourceVersion "1"]
[SourceVersionDate "2016.10.25"]
[SourceQuality "1"]

1. b4 Nf6 2. Bb2 e6 3. b5 Be7 4. Nf3 0-0 5. e3 d5 6. c4 c6 7. Be2 dxc4 8. Bxc4 cxb5 9. Bxb5 Qb6 10. Qb3 Bd7 11. Nc3 Bxb5 12. Nxb5 Nbd7 13. Nbd4 Qxb3 14. Nxb3 Rac8 15. 0-0 Rc7 16. Nfd4 a6 17. a4 b6 18. f4 Bb4 19. Nf3 Rfc8 20. Ba3 Bxa3 21. Rxa3 Rc4 22. Rb1 Rb4 23. Raa1 Rcc4 24. a5 b5 25. Nbd4 Rxb1+ 26. Rxb1 g6 27. h3 Rc5 28. Kf1 Ne4 29. Ke2 Nd6 30. d3 Nb7 31. Nd2 Rc7 32. N2b3 Kf8 33. g4 e5 34. fxe5 Nxe5 35. Kd2 Ke7 36. Rf1 Nc5 37. Nxc5 Rxc5 38. Nc2 Rc6 39. Nb4 Rd6 40. Kc3 h6 41. e4 f6 42. Nd5+ Kf7 43. Kd4 Kg7 44. Rc1 g5 45. Rc7+ Kg6 46. Kc5 Re6 47. Ne7+ Kf7 48. Nf5+ Ke8 49. Ng7+ 1-0

[Event "Follo CC-ch"]
[Site "Follo"]
[Date "2015.03.12"]
[Round "5"]
[White "Kielland Lund, Jon"]
[Black "Brenden, Torbjorn"]
[Result "1-0"]
[WhiteElo "1547"]
[BlackElo "1413"]
[PlyCount "91"]
[EventDate "2015.01.15"]
[EventType "swiss"]
[EventRounds "9"]
[EventCountry "NOR"]
[SourceTitle "EXT 2017"]
[Source "ChessBase"]
[SourceDate "2016.10.25"]
[SourceVersion "1"]
[SourceVersionDate "2016.10.25"]
[SourceQuality "1"]

1. c4 e5 2. Nc3 Nc6 3. Nf3 Bc5 4. e3 Nf6 5. d4 exd4 6. exd4 Qe7+ 7. Be2 Bb4 8. 0-0 Bxc3 9. bxc3 0-0 10. Bg5 h6 11. Bh4 g5 12. Bg3 d5 13. Re1 Qd8 14. Ne5 Ne7 15. f3 Nh5 16. Bf2 f6 17. Ng4 Kg7 18. g3 f5 19. Ne5 f4 20. g4 Nf6 21. Qc2 Nfg8 22. Kg2 Rf6 23. h4 b6 24. hxg5 hxg5 25. Rh1 Ng6 26. Rae1 N8e7 27. Bd3 Be6 28. cxd5 Bxd5 29. Rh5 Qd6 30. Rxg5 Rh8 31. c4 Bf7 32. Rh1 Rxh1 33. Kxh1 Kf8 34. Nxf7 Kxf7 35. Kg2 Nc6 36. Rd5 Qe7 37. Qd2 Nb4 38. Bxg6+ Kxg6 39. Re5 Qf8 40. Bh4 Rf7 41. Qe2 Qc8 42. a3 Na6 43. Rg5+ Kh7 44. Qe4+ Kh8 45. Qe5+ Kh7 46. Rh5+ 1-0

[Event "Sandefjord MGP"]
[Site "Sandefjord"]
[Date "2003.10.17"]
[Round "1"]
[White "Petterson, Tor"]
[Black "Brenden, Torbjorn"]
[Result "0-1"]
[WhiteElo "1177"]
[BlackElo "1177"]
[PlyCount "70"]
[EventDate "2003.10.??"]
[EventType "swiss"]
[EventRounds "4"]
[EventCountry "NOR"]
[SourceTitle "EXT 2005"]
[Source "ChessBase"]
[SourceDate "2004.11.15"]
[SourceVersion "1"]
[SourceVersionDate "2004.11.15"]
[SourceQuality "1"]

1. e4 c5 2. Bc4 Nc6 3. a3 d6 4. Nf3 Bg4 5. h3 Bh5 6. d3 Nf6 7. Be3 Qb6 8. b4 Ne5 9. Nbd2 Bxf3 10. gxf3 Nxc4 11. Nxc4 Qc7 12. f4 b5 13. Na5 Rc8 14. Nb3 c4 15. Nd4 a6 16. Rc1 e5 17. Nf5 g6 18. fxe5 dxe5 19. Nh4 Bg7 20. d4 Nxe4 21. dxe5 Qxe5 22. Nf3 Qc3+ 23. Kf1 0-0 24. Bd4 Bxd4 25. Qxd4 Qxf3 26. Rh2 Rcd8 27. Qe3 Rd1+ 28. Rxd1 Qxd1+ 29. Kg2 Qxc2 30. Rh1 Qd3 31. Qc1 Rd8 32. Re1 Qd5 33. Kf1 Ng5 34. Qe3 Qd3+ 35. Kg1 Qxe3 0-1